000 00463nam a2200181Ia 4500
005 20250429115750.0
008 231217s9999 xx 000 0 und d
020 _a9781572316775
082 _a001.6424WIN SOL;6
100 _aSolomon, David A.
245 0 _aInside windows NT
250 _a2nd ed.
260 _c1998
_bMicrosoft Press
_aUSA
300 _axxiii+528
400 _aMicrosoft programming series
650 _aInside,windows,NT
942 _cAA
999 _c182665
_d182665